000 00470cam a22001571 4500
082 0 0 _a621.483
_bWIL
_cL-13, P-80
100 1 _aWills, J. George.
_941852
245 1 0 _aNuclear power plant technology.
260 _aNew York,
_bWiley
_c[1967]
300 _axi, 323 p.
_billus. (part col.)
_c27 cm.
526 _a0
_b0
_c0
_d621_483000000000000_WIL
650 0 _aMCE
_9379
650 0 _aNuclear engineering.
_941853
650 0 _aNuclear power plants.
_928275
942 _2ddc
_cBK
999 _c545874
_d545874